[Event "Challenge"]
[Site "http://www.queenalice.com/game.php?id=48346"]
[Date "2006.1.18"]
[Round "-"]
[White "Asterix"]
[Black "Wulebgr"]
[Result "1/2-1/2"]
[WhiteElo "1995"]
[BlackElo "1907"]

1. e4 e6 2. d4 d5 3. e5 c5 4. c3 Nc6 5. Nf3 cxd4 6. cxd4 Bb4+ 7. Bd2 Bxd2+ 8.
Nbxd2 Qb6 9. b3 Nxd4 10. Nxd4 Qxd4 11. Bb5+ Bd7 12. Bxd7+ Kxd7 13. Nf3 Qxd1+ 14.
Rxd1 Rc8 15. O-O Ne7 16. Nd4 a6 17. a4 Rc3 18. Rc1 Rhc8 19. Rb1 Nc6 20. Nxc6
R8xc6 21. b4 Ra3 22. a5 b6 23. Ra1 Rxa1 24. Rxa1 Kc7 25. Kf1 Rc2 26. Ra3 bxa5
27. bxa5 Kd7 28. Rb3 Rc5 29. Rb7+ Ke8 30. Rb8+ Ke7 31. Rb7+ Ke8 32. Rb8+ Kd7 33.
Rb7+ Ke8 34. Rb8+ Ke7 1/2-1/2

[Event "Let's Play Chess!"]
[Site "http://www.queenalice.com/game.php?id=50797"]
[Date "2006.2.2"]
[Round "-"]
[White "silvinus"]
[Black "Wulebgr"]
[Result "1-0"]
[WhiteElo "1797"]
[BlackElo "1943"]

1. d4 e6 2. c4 d5 3. Nc3 c6 4. Nf3 Nf6 5. Qc2 a6 6. e3 Bd6 7. Bd3 dxc4 8. Bxc4
b5 9. Bd3 Nbd7 10. Ne4 Bb4+ 11. Bd2 Bxd2+ 12. Nfxd2 Qc7 13. O-O Bb7 14. b4 O-O
15. Rfc1 Rfc8 16. Nb3 Nd5 17. a3 f5 18. Ng5 Qd6 19. e4 Nf4 20. exf5 Nxd3 21.
Qxd3 exf5 22. Qxf5 Nf6 23. Qe6+ Qxe6 24. Nxe6 Nd5 25. Na5 Ra7 26. Rc5 Re8 27.
Ng5 h6 28. Nf3 Ba8 29. Ne5 Nf4 30. Naxc6 Bxc6 31. Nxc6 Rd7 32. Rd1 Re2 33. Rf5
Nd5 34. Re5 Ra2 35. Rxd5 1-0

[Event "Challenge"]
[Site "http://www.queenalice.com/game.php?id=51707"]
[Date "2006.2.8"]
[Round "-"]
[White "vincentlennon"]
[Black "Wulebgr"]
[Result "0-1"]
[WhiteElo "1632"]
[BlackElo "1923"]

1. d4 d5 2. c4 c6 3. Nc3 Nf6 4. Bg5 e6 5. Nf3 Nbd7 6. e3 Bd6 7. Be2 dxc4 8. Bxc4
b5 9. Bd3 a6 10. Ne4 Be7 11. O-O O-O 12. a3 Bb7 13. Rc1 Rc8 14. b4 Nxe4 15. Bxe4
Bxg5 16. Qd3 Be7 17. Bxh7+ Kh8 18. Ne5 Nxe5 19. dxe5 Qxd3 20. Bxd3 c5 21. bxc5
Rxc5 22. Rxc5 Bxc5 23. Ra1 Rd8 24. Be2 Rd2 25. Kf1 Bxg2+ 26. Kxg2 Rxe2 27. Kf3
Rb2 28. a4 a5 29. axb5 Rxb5 30. Kf4 Bb4 31. Rb1 Kh7 32. f3 Rd5 33. e4 Rd2 34. h4
Kh6 35. Rc1 Rh2 36. Kg3 Ra2 37. Rc7 Be1+ 38. Kf4 Bxh4 39. Rxf7 Rg2 40. Ke3 a4
41. Rf8 a3 42. f4 a2 43. Ra8 Be7 0-1

[Event "Challenge"]
[Site "http://www.queenalice.com/game.php?id=51708"]
[Date "2006.2.8"]
[Round "-"]
[White "Wulebgr"]
[Black "vincentlennon"]
[Result "1-0"]
[WhiteElo "1927"]
[BlackElo "1628"]

1. Nf3 Nc6 2. d4 d5 3. c4 e6 4. Nc3 Bb4 5. cxd5 Bxc3+ 6. bxc3 exd5 7. e3 Nf6 8.
Ba3 Bg4 9. Be2 Ne4 10. Qc2 Bf5 11. Bd3 Qd7 12. c4 O-O-O 13. Rb1 dxc4 14. Bxe4
Bxe4 15. Qxe4 Rhe8 16. Qc2 Nxd4 17. Nxd4 Qxd4 18. O-O Qd3 19. Qb2 b6 20. Bc5 c3
21. Qa3 a5 22. Bd4 c5 23. Bxc5 Qc4 24. Bxb6 c2 25. Rbc1 Rd2 26. Qc5+ Qxc5 27.
Bxc5 Re5 28. Bd4 Rd5 29. f4 f6 30. g3 Kc7 31. Bc3 Re2 32. Rfe1 Rxe1+ 33. Bxe1
Rc5 34. Kf2 Kb6 35. Ke2 Kb5 36. Kd3 a4 37. Rxc2 Rxc2 38. Kxc2 Kc4 39. a3 f5 40.
Bc3 g6 41. h3 1-0

[Event "Challenge"]
[Site "http://www.queenalice.com/game.php?id=55803"]
[Date "2006.3.5"]
[Round "-"]
[White "vincentlennon"]
[Black "Wulebgr"]
[Result "0-1"]
[WhiteElo "1739"]
[BlackElo "1940"]

1. e4 e6 2. d4 d5 3. e5 c5 4. c3 Nc6 5. Bb5 Bd7 6. Bxc6 Bxc6 7. f4 cxd4 8. cxd4
Bb4+ 9. Bd2 Qb6 10. Nf3 Ne7 11. O-O Nf5 12. Bxb4 Qxb4 13. Qd2 Qxd2 14. Nbxd2 Ne3
15. Rf2 h6 16. h3 O-O 17. g4 Nc4 18. b3 Na3 19. f5 exf5 20. gxf5 Nc2 21. Rc1 Nb4
22. Ra1 a5 23. Rg2 Kh7 24. Nf1 Rac8 25. Ne3 Nd3 26. Ng4 Nf4 27. Rh2 Bb5 28. f6
Rc3 29. Kf2 Rc2+ 30. Kg3 Ne2+ 31. Kh4 g5+ 32. Nxg5+ hxg5+ 33. Kxg5 Rg8+ 34. Kh4
Bd7 35. Ne3 Rd2 36. Re1 Rxd4+ 37. Kh5 Ng3# 0-1

[Event "Challenge"]
[Site "http://www.queenalice.com/game.php?id=55804"]
[Date "2006.3.5"]
[Round "-"]
[White "Wulebgr"]
[Black "vincentlennon"]
[Result "0-1"]
[WhiteElo "1978"]
[BlackElo "1830"]

1. Nf3 d6 2. e4 e5 3. Bc4 Bg4 4. Nc3 Nc6 5. h3 Bh5 6. Nxe5 Nxe5 7. Qxh5 Nxc4 8.
Qb5+ c6 9. Qxc4 Nf6 10. d4 Be7 11. O-O O-O 12. Be3 Rc8 13. Rad1 b5 14. Qd3 b4
15. Ne2 Re8 16. f4 d5 17. e5 Ne4 18. Bc1 c5 19. c4 cxd4 20. cxd5 Qxd5 21. b3 Bc5
22. Bb2 Nc3 23. Bxc3 dxc3+ 24. Kh1 Qxd3 25. Rxd3 Red8 26. Rfd1 Rxd3 27. Rxd3 Bf2
28. g4 c2 29. Kg2 Be1 30. Kf1 Bh4 31. Nc1 g6 32. Ke2 f6 33. e6 Kf8 34. Rd7 g5
35. f5 Bg3 36. Rxh7 Kg8 37. Rf7 Bf4 38. Nd3 c1=Q 39. Nxc1 Rxc1 40. Rxf6 Rc7 41.
Kf3 a5 42. h4 Rc3+ 43. Ke4 Re3+ 44. Kd5 gxh4 45. Rg6+ Kh7 46. Kc6 h3 47. g5 h2
48. Rh6+ Kg7 49. Kd7 Rd3+ 50. Ke8 Bxg5 51. Rg6+ Kh7 52. Rxg5 h1=Q 53. Kf7 Rd8
54. Rg7+ Kh8 55. Rg6 Qh5 56. e7 Qxf5+ 57. Rf6 Qh7+ 58. Ke6 Qg8+ 0-1

[Event "AUTO-ADV-90"]
[Site "http://www.queenalice.com/game.php?id=56121"]
[Date "2006.3.6"]
[Round "2"]
[White "Cleo_Godoy"]
[Black "Wulebgr"]
[Result "1/2-1/2"]
[WhiteElo "1703"]
[BlackElo "1950"]

1. e4 e6 2. Nc3 d5 3. d4 Bb4 4. Bd2 Bxc3 5. Bxc3 dxe4 6. Qg4 Nf6 7. Qxg7 Rg8 8.
Qh6 Rg6 9. Qe3 Qd5 10. Ne2 Qg5 11. Qxg5 Rxg5 12. Ng3 Nbd7 13. O-O-O Nb6 14. Be2
Nbd5 15. Bd2 Rg6 16. h3 Bd7 17. c3 O-O-O 18. Rh2 Ne7 19. Nh5 Nxh5 20. Bxh5 Rgg8
21. Re1 f5 22. g4 Be8 23. Bxe8 Rdxe8 1/2-1/2

[Event "AUTO-ADV-90"]
[Site "http://www.queenalice.com/game.php?id=56122"]
[Date "2006.3.6"]
[Round "2"]
[White "Wulebgr"]
[Black "Cleo_Godoy"]
[Result "1-0"]
[WhiteElo "1943"]
[BlackElo "1710"]

1. d4 d5 2. c4 e6 3. Nf3 b6 4. Nc3 Bb4 5. Qa4+ Nc6 6. Ne5 Bxc3+ 7. bxc3 Ne7 8.
Nxc6 Bd7 9. cxd5 Nxd5 10. c4 Nc3 11. Qb3 Bxc6 12. Qxc3 O-O 13. Bb2 Qg5 14. h4
Qg4 15. f3 Qg3+ 16. Kd1 Ba4+ 17. Kc1 Rac8 18. e4 c5 19. d5 Rfd8 20. Rh3 Qf4+ 21.
Qd2 Qc7 22. Qg5 f6 23. Bxf6 exd5 24. Bxd8 Rxd8 25. exd5 a6 26. Rb1 b5 27. Rg3 g6
28. h5 Rd6 29. Qe5 Kf7 30. hxg6+ hxg6 31. Bd3 Qb6 32. Rg4 b4 33. Kd2 Bd7 34.
Rf4+ Rf6 35. Rh1 Kg7 36. Qe7+ 1-0

[Event "AUTO-OPEN-186"]
[Site "http://www.queenalice.com/game.php?id=59475"]
[Date "2006.3.26"]
[Round "2"]
[White "Wulebgr"]
[Black "mav40121"]
[Result "1-0"]
[WhiteElo "1956"]
[BlackElo "1454"]

1. d4 e5 2. dxe5 Nc6 3. e6 dxe6 4. Qxd8+ Kxd8 5. Nf3 Bc5 6. b3 Nd4 7. Nxd4 Bxd4
8. c3 Bc5 9. Ba3 Bxa3 10. Nxa3 Nf6 11. f3 b6 12. e4 Ke7 13. O-O-O Bb7 14. Be2
Rhd8 15. Nb5 Ba6 16. Rhe1 Rxd1+ 17. Kxd1 Rd8+ 18. Kc2 h5 19. Nxc7 Bxe2 20. Rxe2
g5 21. Rd2 Rxd2+ 22. Kxd2 Kd6 23. Nb5+ 1-0

[Event "AUTO-OPEN-186"]
[Site "http://www.queenalice.com/game.php?id=59476"]
[Date "2006.3.26"]
[Round "2"]
[White "mav40121"]
[Black "Wulebgr"]
[Result "0-1"]
[WhiteElo "1696"]
[BlackElo "1973"]

1. e4 e6 2. d4 d5 3. e5 b6 4. Nf3 Ba6 5. Bxa6 Nxa6 6. O-O c5 7. Bg5 Qc7 8. a3
Be7 9. c3 Qd7 10. Bxe7 Nxe7 11. Nbd2 O-O 12. h4 cxd4 13. cxd4 Rac8 14. Qe2 Nb8
15. Rfc1 Rc6 16. Qb5 Rxc1+ 17. Rxc1 Qxb5 18. b4 a5 0-1

[Event "AUTO-OPEN-186"]
[Site "http://www.queenalice.com/game.php?id=59477"]
[Date "2006.3.26"]
[Round "2"]
[White "Wulebgr"]
[Black "voodoozebra"]
[Result "0-1"]
[WhiteElo "1958"]
[BlackElo "1752"]

1. d4 d5 2. c4 Nf6 3. Nf3 Nc6 4. Nc3 e6 5. e3 Bb4 6. Bd2 Bxc3 7. bxc3 b6 8. Qa4
Bb7 9. Ne5 Qd6 10. cxd5 Nxd5 11. Bb5 Ne7 12. Qc2 Qd5 13. e4 Qxb5 14. c4 Nxd4 15.
Qc1 Qxe5 16. f3 Nc2+ 17. Qxc2 Qxa1+ 0-1

[Event "AUTO-OPEN-186"]
[Site "http://www.queenalice.com/game.php?id=59478"]
[Date "2006.3.26"]
[Round "2"]
[White "voodoozebra"]
[Black "Wulebgr"]
[Result "0-1"]
[WhiteElo "1800"]
[BlackElo "1920"]

1. e4 e6 2. Nc3 d5 3. f3 Nf6 4. Nh3 d4 5. Ne2 e5 6. d3 Bxh3 7. gxh3 Nc6 8. Bg5
h6 9. Bh4 Be7 10. f4 exf4 11. Nxf4 g5 12. Bxg5 hxg5 13. Ne2 Ne5 14. Bg2 g4 15.
hxg4 Nfxg4 16. h3 Bh4+ 17. Kf1 Qf6+ 0-1

[Event "AUTO-MASTER-57"]
[Site "http://www.queenalice.com/game.php?id=64893"]
[Date "2006.4.22"]
[Round "2"]
[White "Wulebgr"]
[Black "Lucascg"]
[Result "0-1"]
[WhiteElo "1934"]
[BlackElo "1989"]

1. d4 d5 2. c4 c6 3. Nf3 Nf6 4. Nc3 dxc4 5. a4 Bf5 6. e3 e6 7. Bxc4 Bb4 8. O-O
O-O 9. Qe2 Nbd7 10. Bd2 Qa5 11. Rfc1 Ne4 12. Nxe4 Bxe4 13. Bxb4 Qxb4 14. Ng5 Bg6
15. Nxe6 fxe6 16. Bxe6+ Rf7 17. Bxf7+ Bxf7 18. Qc2 Rf8 19. Qc3 Qe7 20. a5 a6 21.
Ra4 Qg5 22. Qc2 Be6 23. Rb4 Rb8 24. Qd3 Qxa5 25. Qd2 Qg5 26. Rc2 Bd5 27. f4 Qf5
28. Qe2 b5 0-1

[Event "AUTO-MASTER-57"]
[Site "http://www.queenalice.com/game.php?id=64894"]
[Date "2006.4.22"]
[Round "2"]
[White "Lucascg"]
[Black "Wulebgr"]
[Result "0-1"]
[WhiteElo "2007"]
[BlackElo "1931"]

1. e4 e6 2. Qe2 Be7 3. d4 d5 4. exd5 exd5 5. Nf3 Be6 6. Qb5+ Bd7 7. Qxb7 Bc6 8.
Qb3 Nd7 9. c3 Ngf6 10. Bd3 O-O 11. O-O Rb8 12. Qc2 Bb5 13. Bg5 Bxd3 14. Qxd3
Rxb2 15. Nbd2 Ne4 16. Bxe7 Qxe7 17. Rfb1 Rfb8 18. Nb3 Qa3 19. Nfd2 Nxd2 20. Nxd2
Rxb1+ 21. Rxb1 Rxb1+ 22. Nxb1 Qxa2 23. Qb5 Nf8 24. g3 a5 25. Kg2 a4 26. Qb4 Qb3
27. Qxb3 axb3 28. Kf3 Nd7 29. Ke3 Nb6 30. Kf4 f6 31. h4 Kf7 32. g4 Ke6 33. g5
fxg5+ 34. hxg5 h6 35. gxh6 gxh6 36. Kg4 Kf6 37. Kf4 h5 38. f3 Nc4 39. Kg3 Kg5
0-1

[Event "AUTO-OPEN-186"]
[Site "http://www.queenalice.com/game.php?id=89866"]
[Date "2006.7.27"]
[Round "3"]
[White "Wulebgr"]
[Black "voodoozebra"]
[Result "1-0"]
[WhiteElo "1960"]
[BlackElo "1801"]

1. Nf3 d5 2. c4 Nf6 3. g3 e6 4. d4 Bb4+ 5. Bd2 Nc6 6. Bg2 b6 7. O-O Ba6 8. Ne5
Qd6 9. Qa4 Bxd2 10. Nxc6 Nd7 11. Nxd2 Bb7 12. Ne5 c6 13. Nxd7 Qxd7 14. Rac1 O-O
15. cxd5 exd5 16. Nf3 1-0

[Event "AUTO-OPEN-186"]
[Site "http://www.queenalice.com/game.php?id=89867"]
[Date "2006.7.27"]
[Round "3"]
[White "voodoozebra"]
[Black "Wulebgr"]
[Result "0-1"]
[WhiteElo "1811"]
[BlackElo "1950"]

1. e4 e5 2. Bc4 Nf6 3. d3 Bc5 4. Bg5 O-O 5. Nf3 c6 6. Nxe5 d5 7. exd5 cxd5 8.
Bb3 Qb6 9. Qf3 Bd4 10. Nc3 Bxe5 11. Bxf6 Qxf6 12. Bxd5 Bxc3+ 13. bxc3 Qxc3+ 14.
Ke2 Qxc2+ 15. Ke3 Qc5+ 16. Ke2 Nd7 17. Rhe1 Nf6 18. Rac1 Qxd5 19. Qxd5 Nxd5 20.
Kf3 Be6 0-1

[Event "AUTO-OPEN-186"]
[Site "http://www.queenalice.com/game.php?id=89868"]
[Date "2006.7.27"]
[Round "3"]
[White "Wulebgr"]
[Black "vinchent78"]
[Result "1-0"]
[WhiteElo "1979"]
[BlackElo "1787"]

1. Nf3 Nf6 2. g3 c6 3. c4 e6 4. Bg2 d5 5. O-O Bd6 6. b3 Nbd7 7. d4 Ne4 8. Ba3
Bxa3 9. Nxa3 Ndf6 10. cxd5 exd5 11. Nc2 O-O 12. Nce1 Re8 13. Nd3 Nc3 14. Qc2
Nxe2+ 15. Kh1 Qb6 16. Rfe1 Nxd4 17. Rxe8+ Nxe8 18. Re1 Bf5 19. Qd2 1-0

[Event "AUTO-OPEN-186"]
[Site "http://www.queenalice.com/game.php?id=89869"]
[Date "2006.7.27"]
[Round "3"]
[White "vinchent78"]
[Black "Wulebgr"]
[Result "0-1"]
[WhiteElo "1796"]
[BlackElo "1970"]

1. c4 Nf6 2. Nc3 c5 3. Nf3 Nc6 4. g3 g6 5. Bg2 Bg7 6. O-O O-O 7. a3 Rb8 8. Rb1
a6 9. Qa4 d6 10. b4 cxb4 11. axb4 Bd7 12. b5 axb5 13. Nxb5 Ra8 14. Qb3 Na5 15.
Qb4 Bf5 16. d3 Ne8 17. Nh4 Bd7 0-1